00513nam a2200133 4500001000700000003000900007007000300016008004100019100002300060245019900083260004400282300003200326852002100358127779ES-MaACLt|070214s1910 ag r ||||1| spa d1 aRivarola, Rodolfo.10aDerecho penal argentino b: parte general : tratado general y de la legislación actual comparada con las reformas proyectadas y con legislaciones de lengua española / cpor Rodolfo Rivarola. aBuenos Aires : bHijos de Reus, c1910. aXIX, 653 p. ; c25 x 17 cm. aES-MaACLjG-5866